[Event "European Blitz 2017"]
[Site "Katowice POL"]
[Date "2017.12.15"]
[Round "7.75"]
[White "Batsiashvili, Nino"]
[Black "Golenia, Wojciech"]
[Result "0-1"]
[WhiteTitle "IM"]
[WhiteElo "2502"]
[BlackElo "1984"]
[WhiteFideId "13602993"]
[BlackFideId "1175300"]
[EventDate "2017.12.15"]
[EventType "blitz"]

1. d4 f5 2. c4 Nf6 3. Nc3 e6 4. g3 Bb4 5. Bg2 O-O 6. Bd2 Nc6 7. Nf3 b6 8. d5 Na5
9. a3 Bxc3 10. Bxc3 Bb7 11. Bxa5 bxa5 12. dxe6 dxe6 13. O-O Ne4 14. Qxd8 Raxd8
15. Rfd1 a4 16. Ne5 Nd6 17. c5 Bxg2 18. Kxg2 Ne4 19. c6 Rd6 20. f3 Rfd8 21. Rxd6
Nxd6 22. Rd1 Rb8 23. Rd2 Rb5 24. f4 Rc5 25. Rd4 Rc2 26. Kf3 Rxb2 27. Rxa4 Rb3+
28. Kg2 Nc8 29. Rd4 Nd6 30. Rd3 Rb2 31. Kf3 Kf8 32. h3 Ke7 33. g4 g6 34. g5 a5
35. Rc3 Ne4 36. Rd3 Nd6 37. h4 a4 38. Kf2 Ne4+ 39. Ke3 Nc5 40. Rc3 Ne4 41. Rd3
Nc5 42. Rc3 Ne4 43. Rd3 Nc5 44. Rd1 Rb3+ 45. Kd4 Ne4 46. Rd3 Rb2 47. e3 Nf2 48.
Rc3 Ne4 49. Rc1 Rb3 50. Nc4 Nf2 51. Rc2 Nd1 52. Kc5 Nxe3 53. Nxe3 Rxe3 54. Rd2
Rc3+ 55. Kb5 Rxa3 56. Rd7+ Ke8 57. Rxc7 Ra1 58. Rxh7 a3 59. Rh8+ Ke7 60. c7 a2
61. c8=Q Rb1+ 62. Kc6 Rc1+ 63. Kb7 Rxc8 64. Rxc8 a1=Q 65. Rc7+ Kd6 66. Rc6+ Kd5
67. Rc7 Qb2+ 68. Kc8 Qa3 69. Kd7 Qd6+ 70. Kc8 Qa6+ 71. Kd8 Qb6 72. h5 Qb8+ 73.
Kd7 Qg8 74. h6 e5 75. fxe5 Kxe5 76. Rc8 Qe6+ 77. Kd8 Qd6+ 78. Ke8 Ke6 79. Rc6
Qxc6+ 80. Kf8 Qc8+ 81. Kg7 Qd7+ 82. Kxg6 Qf7# 0-1

[Event "European Blitz 2017"]
[Site "Katowice POL"]
[Date "2017.12.15"]
[Round "7.76"]
[White "Jahncke, Giso"]
[Black "Kucharska, Honorata"]
[Result "1-0"]
[WhiteTitle "FM"]
[BlackTitle "WFM"]
[WhiteElo "2403"]
[BlackElo "1970"]
[WhiteFideId "24608289"]
[BlackFideId "1163868"]
[EventDate "2017.12.15"]
[EventType "blitz"]

1. Nf3 Nf6 2. c4 d6 3. Nc3 Nbd7 4. e4 e5 5. d4 Be7 6. Be2 O-O 7. O-O c6 8. Re1
a5 9. Bf1 Qc7 10. Rb1 Re8 11. a3 Bf8 12. b4 exd4 13. Nxd4 axb4 14. axb4 Ne5 15.
h3 Bd7 16. Bg5 Be7 17. Be3 Bf8 18. f4 Ng6 19. Qc2 b6 20. b5 c5 21. Nde2 Bc8 22.
Nd5 Nxd5 23. cxd5 Be7 24. Bf2 Bf6 25. g4 Bh4 26. Bxh4 Nxh4 27. Kf2 Qe7 28. Ng3
Ng6 29. Qd2 Qf6 30. Nh5 Qh4+ 31. Kg1 Bxg4 32. Nxg7 Kxg7 33. hxg4 Qg3+ 34. Qg2
Qxf4 35. Rb3 Re5 36. Rf3 Qg5 37. Rf5 Rxf5 38. exf5 Ne5 39. Be2 Qd2 40. Qf2 Ra2
41. f6+ Kg8 42. Qh4 Qe3+ 43. Kf1 Ra4 44. Kg2 Rf4 45. Bd1 Qd2+ 46. Re2 Qxd1 47.
Qg5+ Kf8 48. Qg7+ Ke8 49. Rxe5+ dxe5 50. Qg8+ Kd7 51. Qxf7+ Kc8 52. Qe6+ Kb8 53.
Qxe5+ Kb7 54. Qxf4 Qxd5+ 55. Qf3 1-0

[Event "European Blitz 2017"]
[Site "Katowice POL"]
[Date "2017.12.15"]
[Round "7.77"]
[White "Mis, Mieszko"]
[Black "Pena Gomez, Manuel"]
[Result "1/2-1/2"]
[BlackTitle "IM"]
[WhiteElo "2240"]
[BlackElo "2491"]
[WhiteFideId "1196448"]
[BlackFideId "2252813"]
[EventDate "2017.12.15"]
[EventType "blitz"]

1. d4 Nf6 2. Nf3 g6 3. Nbd2 d5 4. b4 Bg7 5. e3 O-O 6. Be2 a5 7. b5 c5 8. bxc6
bxc6 9. O-O c5 10. c4 dxc4 11. Nxc4 Nc6 12. Bb2 cxd4 13. Nxd4 Nxd4 14. Qxd4 Qxd4
15. Bxd4 Be6 16. a4 Nd5 17. Bxg7 Kxg7 18. Bf3 Ra7 19. Rfc1 Rb8 20. Ne5 Nb4 21.
h3 f6 22. Nc6 Nxc6 23. Rxc6 Kf7 24. Rc5 Rb4 25. Bc6 Rc7 26. Rac1 Ra7 27. Bb5 Bb3
28. Bc4+ Bxc4 29. R1xc4 Ke6 30. Kh2 Rb2 31. Kg3 Kd6 32. Rc6+ Kd7 33. R6c5 h5 34.
Rd4+ Ke6 35. Rdd5 Rb4 36. Rxa5 Rxa4 37. Rxa4 Rxa4 38. Rb5 Ra2 39. Rb6+ Kf5 40.
Rb5+ e5 41. Rb6 g5 42. e4+ Kg6 43. Rc6 Ra3+ 44. f3 h4+ 45. Kf2 Ra2+ 46. Kg1 Rd2
47. Kf1 Kf7 48. Rc7+ Ke6 49. Rc6+ Ke7 50. Rc7+ Kd6 51. Ra7 Rd1+ 52. Ke2 Rb1 53.
Ra6+ Ke7 54. Ra7+ Ke6 55. Ra6+ 1/2-1/2

[Event "European Blitz 2017"]
[Site "Katowice POL"]
[Date "2017.12.15"]
[Round "7.78"]
[White "Pein, Jonathan"]
[Black "Pultinevicius, Paulius"]
[Result "0-1"]
[BlackTitle "IM"]
[WhiteElo "2165"]
[BlackElo "2371"]
[WhiteFideId "417092"]
[BlackFideId "12809390"]
[EventDate "2017.12.15"]
[EventType "blitz"]

1. e4 e5 2. Nf3 Nc6 3. Nc3 Nf6 4. d4 exd4 5. Nd5 Be7 6. Bf4 d6 7. Nxd4 O-O 8.
Nb5 Nxd5 9. exd5 Ne5 10. Qd2 c6 11. dxc6 bxc6 12. Nd4 Qb6 13. Nb3 Bf5 14. Be2 a5
15. O-O a4 16. Nd4 Bg6 17. b3 Bf6 18. c3 Rfe8 19. Be3 c5 20. Nf3 axb3 21. axb3
Rxa1 22. Rxa1 Qxb3 23. Qxd6 Nxf3+ 24. Bxf3 Qxc3 25. Rd1 c4 26. Bc6 Rc8 27. Bb7
Re8 28. Bc6 Rc8 29. Bb7 Re8 30. Qd7 Rf8 31. Bc5 Rb8 32. Bd6 Rd8 33. Qc7 Qb3 34.
Re1 h5 35. Bd5 Qd3 36. Bxc4 Qxd6 37. Qxd6 Rxd6 38. Re8+ Kh7 39. h3 Rd1+ 40. Kh2
Rd4 41. Be2 h4 42. Bf3 Rd8 43. Re3 Bg5 44. Re5 Bf4+ 0-1

[Event "European Blitz 2017"]
[Site "Katowice POL"]
[Date "2017.12.15"]
[Round "7.79"]
[White "Korolchuk, Nikolav"]
[Black "Maier, Christian"]
[Result "1/2-1/2"]
[BlackTitle "IM"]
[WhiteElo "2226"]
[BlackElo "2393"]
[WhiteFideId "13500961"]
[BlackFideId "4601955"]
[EventDate "2017.12.15"]
[EventType "blitz"]

1. e4 e6 2. d4 d5 3. e5 c5 4. c3 Nd7 5. f4 Ne7 6. Nf3 a6 7. Bd3 g6 8. Be3 Nf5 9.
Bf2 h5 10. Bxf5 gxf5 11. Nbd2 h4 12. O-O Be7 13. Qe1 cxd4 14. Nxd4 Nf8 15. N2f3
Ng6 16. Qd2 Bd7 17. a4 Rc8 18. Rfd1 Qc7 19. Be3 Qc4 20. Qe2 Qc7 21. Qd2 Rg8 22.
Ne2 Qc4 23. Qc2 Qe4 24. Qxe4 fxe4 25. Nfd4 Rc4 26. b3 Rc8 27. Rac1 Bd8 28. Rf1
Ne7 29. Bf2 Rh8 30. g3 Ng6 31. g4 f6 32. exf6 Bxf6 33. f5 exf5 34. Nxf5 Bxf5 35.
gxf5 Ne5 36. Nf4 Nf3+ 37. Kh1 Rxc3 38. Nxd5 Rxc1 39. Rxc1 Be5 40. Rc8+ Kd7 41.
Rxh8 Bxh8 42. Kg2 Kd6 43. Nf4 Be5 44. Ng6 Bxh2 45. Nxh4 Nxh4+ 46. Bxh4 Bf4 47.
Kf2 Ke5 48. f6 Ke6 49. Ke2 Bh6 50. Kf2 Bf8 51. Ke3 Kf5 52. Kd4 Bh6 53. f7 Bf8
54. Bg3 Bg7+ 55. Ke3 Bh6+ 56. Kd4 Bg7+ 57. Ke3 Bf8 58. Bc7 Bc5+ 59. Ke2 Ke6 60.
Bb6 Be7 61. Ke3 Kxf7 62. Kxe4 Ke6 1/2-1/2

[Event "European Blitz 2017"]
[Site "Katowice POL"]
[Date "2017.12.15"]
[Round "7.80"]
[White "Psyk, Radoslaw"]
[Black "Kourousis, Epaminondas"]
[Result "0-1"]
[BlackTitle "IM"]
[WhiteElo "2222"]
[BlackElo "2393"]
[WhiteFideId "1182838"]
[BlackFideId "4211626"]
[EventDate "2017.12.15"]
[EventType "blitz"]

1. f4 d5 2. Nf3 g6 3. e3 Bg7 4. c4 Nf6 5. Nc3 O-O 6. Be2 c5 7. cxd5 Nxd5 8. O-O
Nc6 9. Nxd5 Qxd5 10. d3 b6 11. e4 Qd6 12. Qa4 Nd4 13. Nxd4 Qxd4+ 14. Qxd4 Bxd4+
15. Kh1 Rd8 16. a4 Ba6 17. a5 b5 18. f5 b4 19. fxg6 hxg6 20. Rb1 Be5 21. Be3 Bd4
22. Bf4 f6 23. Rfd1 Kf7 24. b3 g5 25. Bc7 Rd7 26. Bg3 Kg7 27. Bg4 Rdd8 28. Bc7
Rf8 29. Be6 Bc8 30. Bd5 Bg4 31. Bxa8 Bxd1 32. Rxd1 Rxa8 33. Rc1 e5 34. Bd6 Rd8
35. Bxc5 Rc8 36. h3 Rxc5 37. Rd1 Rc3 38. Kh2 Rxb3 39. Rc1 Rc3 40. Rb1 b3 41. a6
Rxd3 42. Rc1 b2 43. Rc7+ Kg6 44. Rb7 Bb6 45. h4 gxh4 46. g4 b1=Q 0-1

[Event "European Blitz 2017"]
[Site "Katowice POL"]
[Date "2017.12.15"]
[Round "7.81"]
[White "Smolin, Sergey1"]
[Black "Rocha, Sergio"]
[Result "0-1"]
[WhiteTitle "IM"]
[BlackTitle "IM"]
[WhiteElo "2153"]
[BlackElo "2370"]
[WhiteFideId "4131177"]
[BlackFideId "1900404"]
[EventDate "2017.12.15"]
[EventType "blitz"]

1. e4 g6 2. d4 Bg7 3. c3 d6 4. f4 Nd7 5. Nf3 c5 6. Bc4 e6 7. Bb3 Ngf6 8. e5 dxe5
9. dxe5 Ng4 10. h3 Nh6 11. g4 b6 12. O-O Bb7 13. Qe2 O-O 14. Nbd2 a5 15. Ne4 a4
16. Bc2 Qe7 17. g5 Nf5 18. Nf6+ Kh8 19. Kh2 Rfd8 20. Be4 Nf8 21. h4 Ba6 22. c4
Bb7 23. h5 gxh5 24. Nxh5 Ng6 25. Nf6 Bxe4 26. Qxe4 Rab8 27. Be3 Bxf6 28. gxf6
Qf8 29. Kg2 Rd7 30. Rh1 Qg8 31. Kf2 Rbd8 32. Rag1 Rd3 33. Bc1 R8d7 34. Ng5 R3d4
35. Qg2 Rd2+ 36. Kf3 Rxg2 37. Rxg2 h6 38. Rgh2 Qa8+ 39. Kg4 Rd4 40. Rxh6+ Nxh6+
41. Rxh6+ 0-1

[Event "European Blitz 2017"]
[Site "Katowice POL"]
[Date "2017.12.15"]
[Round "7.82"]
[White "Chojnacki, Slawomir"]
[Black "Dragnev, Valentin"]
[Result "0-1"]
[BlackTitle "IM"]
[WhiteElo "2237"]
[BlackElo "2458"]
[WhiteFideId "1117076"]
[BlackFideId "1634852"]
[EventDate "2017.12.15"]
[EventType "blitz"]

1. d4 Nf6 2. Nf3 d5 3. c3 c5 4. Bf4 Nc6 5. e3 Qb6 6. Qb3 c4 7. Qc2 Bf5 8. Qc1
Nh5 9. Be5 f6 10. Bg3 g5 11. Be2 Bg6 12. O-O Nxg3 13. hxg3 e6 14. Bd1 Bd6 15.
Bc2 Qc7 16. Nbd2 O-O 17. e4 Qg7 18. b3 b5 19. Re1 Rfe8 20. a4 a6 21. axb5 axb5
22. bxc4 bxc4 23. Ba4 Qc7 24. e5 fxe5 25. Bxc6 Qxc6 26. Nxe5 Bxe5 27. Rxe5 Rxa1
28. Qxa1 h6 29. f4 g4 30. Nf1 Rb8 31. Qe1 Rb1 32. Qd2 Bd3 33. Re1 Qb6 34. Ne3 h5
35. f5 Rb2 36. Qc1 Ra2 37. Nxd5 Qd8 38. Nb4 Ra5 39. fxe6 Rf5 40. e7 Qe8 41. Qh6
h4 42. Qe6+ Kg7 43. Nd5 hxg3 44. Nc7 Qh5 45. e8=N+ Kh8 0-1

[Event "European Blitz 2017"]
[Site "Katowice POL"]
[Date "2017.12.15"]
[Round "7.83"]
[White "Hansen, Mads Smith"]
[Black "Mareckova, Martina"]
[Result "1/2-1/2"]
[BlackTitle "WFM"]
[WhiteElo "2347"]
[BlackElo "2132"]
[WhiteFideId "1400258"]
[BlackFideId "327930"]
[EventDate "2017.12.15"]
[EventType "blitz"]

1. d4 Nf6 2. Bg5 g6 3. Bxf6 exf6 4. e3 Bg7 5. Nf3 f5 6. Be2 d6 7. O-O O-O 8. c4
Nd7 9. Nc3 Nf6 10. Qc2 Re8 11. b4 Ne4 12. Rfd1 Nxc3 13. Qxc3 f4 14. Re1 fxe3 15.
fxe3 f5 16. c5 d5 17. b5 Qe7 18. Bf1 Be6 19. Rab1 b6 20. Rbc1 Rac8 21. a4 h6 22.
a5 Qd7 23. Qb3 Bf7 24. g3 Bf6 25. Bg2 Re7 26. Nd2 Ree8 27. Nf3 Re7 28. Nd2 Ree8
29. Nf3 1/2-1/2

[Event "European Blitz 2017"]
[Site "Katowice POL"]
[Date "2017.12.15"]
[Round "7.84"]
[White "Przybylski, Bartosz"]
[Black "Mitkov, Marjan"]
[Result "1-0"]
[BlackTitle "IM"]
[WhiteElo "2085"]
[BlackElo "2333"]
[WhiteFideId "1126652"]
[BlackFideId "15000354"]
[EventDate "2017.12.15"]
[EventType "blitz"]

1. e4 e5 2. Nf3 Nc6 3. Bc4 Bc5 4. c3 Nf6 5. d4 exd4 6. cxd4 Bb4+ 7. Nc3 Nxe4 8.
O-O Bxc3 9. d5 Ne5 10. Qe2 Nxc4 11. Qxe4+ Qe7 12. Qxc4 Ba5 13. Bf4 O-O 14. Bxc7
b5 15. Qc2 Bb4 16. Qd3 d6 17. Qxb5 Qxc7 18. Qxb4 Rb8 19. Qd4 Qb6 20. b3 Bb7 21.
Qd2 Rbc8 22. Rac1 Qa5 23. Qxa5 1-0

[Event "European Blitz 2017"]
[Site "Katowice POL"]
[Date "2017.12.15"]
[Round "7.85"]
[White "Schulz, Karsten"]
[Black "Kukula, Pawel"]
[Result "1/2-1/2"]
[WhiteTitle "FM"]
[WhiteElo "2293"]
[BlackElo "2181"]
[WhiteFideId "4611446"]
[BlackFideId "1115081"]
[EventDate "2017.12.15"]
[EventType "blitz"]

1. Nf3 d5 2. g3 c6 3. Bg2 Nf6 4. O-O Bf5 5. d3 h6 6. c4 e6 7. cxd5 exd5 8. Nc3
Be7 9. Nd4 Bh7 10. e4 dxe4 11. dxe4 O-O 12. Be3 Nbd7 13. f3 Qa5 14. Qe2 Rad8 15.
Rfd1 Rfe8 16. Nb3 Qc7 17. Rac1 b6 18. Nb5 Qb7 19. Nd6 Bxd6 20. Rxd6 Ne5 21. Rcd1
Rxd6 22. Rxd6 c5 23. Rd1 Bg6 24. Nc1 Bh5 25. Re1 Nc6 26. g4 Bg6 27. Rd1 Qc7 28.
Nd3 Nd4 29. Qf2 Ne6 30. Qg3 Qb7 31. h3 Qa6 32. a3 Rd8 33. Bf1 Qb7 34. Qe1 Nd4
35. Qf2 Ne6 36. Be2 c4 37. Ne5 Rxd1+ 38. Bxd1 Qc7 39. Nxg6 fxg6 40. Bc2 g5 41.
Qh2 Nf4 42. Bxf4 gxf4 43. Qd2 Qc5+ 44. Kf1 Qe5 45. Bb1 b5 46. Ke2 Kh7 47. Qc3
Nd7 48. Kd2 Kg6 49. Bc2 Qxc3+ 50. Kxc3 Ne5 51. Bd1 Kf6 52. Be2 Ke6 53. Kd4 Kd6
54. h4 Nc6+ 55. Kc3 Kc5 56. Bd1 a5 57. Kd2 Kd4 58. Be2 b4 59. axb4 axb4 60. Bd1
Ne5 61. Be2 Nc6 62. Bd1 Na5 63. Be2 Nb3+ 64. Kc2 Nc5 65. Kd2 Na4 66. Kc2 c3 67.
bxc3+ bxc3 68. Bb5 Nc5 69. Be2 Nd7 70. h5 Ne5 71. Bd1 Nc4 72. Be2 Ne3+ 73. Kb3
c2 74. Kb2 Ke5 75. Kc1 Kd4 76. Kd2 Kc5 77. Bd3 Kd4 78. Bxc2 Nc4+ 79. Ke2 Ne5 80.
Ba4 Kc3 81. Bb5 Kd4 82. Ba6 Nf7 83. Bc8 Ne5 84. Be6 Nc6 85. Bd5 Nb4 86. Ba8 Nc2
87. Bb7 Ne3 88. Bc6 Nc4 89. Ba8 Ne5 90. Bb7 Nc4 91. Ba8 Ne5 92. Bb7 Kc3 93. Ba8
Nd7 94. Bd5 Ne5 95. Ba8 1/2-1/2

[Event "European Blitz 2017"]
[Site "Katowice POL"]
[Date "2017.12.15"]
[Round "7.86"]
[White "Dudzinski, Pawel"]
[Black "Wilk, Krzysztof"]
[Result "0-1"]
[WhiteTitle "FM"]
[WhiteElo "2241"]
[BlackElo "2125"]
[WhiteFideId "1117890"]
[BlackFideId "1116193"]
[EventDate "2017.12.15"]
[EventType "swiss"]

1. e4 c6 2. d4 d5 3. exd5 cxd5 4. Bd3 Nc6 5. c3 g6 6. Nf3 Bf5 7. Bxf5 gxf5 8.
O-O e6 9. Re1 Bd6 10. Bg5 Qc7 11. Nbd2 Nge7 12. g3 Rg8 13. Rc1 f4 14. Bxe7 Nxe7
15. Nf1 fxg3 16. fxg3 Nf5 17. Qe2 Rc8 18. Ne5 Bxe5 19. Qxe5 Qxe5 20. dxe5 h5 21.
Kf2 Ke7 22. Nd2 Rc5 23. Nf3 Rgc8 24. Rcd1 Rc4 25. Rd2 h4 26. Nd4 hxg3+ 27. hxg3
Nxd4 28. Rxd4 b5 29. Ke3 b4 30. cxb4 Rxd4 31. Kxd4 Rc4+ 32. Kd3 Rxb4 33. b3 Rg4
34. Re3 Kd7 35. Rf3 Ke7 36. a3 a5 37. Re3 Kd7 38. Ke2 Kc6 39. Kf2 d4 40. Rf3 Rg7
41. b4 axb4 42. axb4 Kd5 43. b5 Kxe5 44. b6 f5 45. Rb3 Rb7 46. Kf3 Kd5 47. Rb5+
Kc4 48. Rb1 e5 49. Re1 Kd5 50. Rb1 Kc4 51. Rb2 Kc3 52. Rb5 e4+ 53. Kf4 e3 54.
Rc5+ Kd3 55. Rxf5 Rxb6 56. g4 Re6 57. Ra5 e2 58. Ra3+ Kd2 59. Ra2+ Ke1 60. Kf3
Rf6+ 61. Ke4 Kf1 62. Ra1+ e1=Q+ 63. Rxe1+ Kxe1 64. Kxd4 Rf4+ 0-1

[Event "European Blitz 2017"]
[Site "Katowice POL"]
[Date "2017.12.15"]
[Round "7.87"]
[White "Olszynski, Kazimierz"]
[Black "Zimina, Olga"]
[Result "1-0"]
[BlackTitle "IM"]
[WhiteElo "2151"]
[BlackElo "2415"]
[WhiteFideId "1112376"]
[BlackFideId "4132190"]
[EventDate "2017.12.15"]
[EventType "blitz"]

1. e4 c6 2. f4 d5 3. e5 h5 4. Nf3 Bf5 5. Be2 e6 6. O-O Nd7 7. c3 Nh6 8. d3 Be7
9. Na3 g6 10. Nc2 Bg4 11. Ne3 Qc7 12. h3 Bxf3 13. Bxf3 h4 14. a4 O-O-O 15. a5 a6
16. d4 Rdg8 17. c4 Kb8 18. Bd2 g5 19. fxg5 Bxg5 20. cxd5 exd5 21. Ng4 Be7 22.
Nxh6 Rg6 23. Nf5 Bd8 24. Bb4 Ka8 25. Bd6 Qc8 26. Ra3 Rhg8 27. Qd2 Bg5 28. Qc2
Qe8 29. Rb3 Qd8 30. Qc3 Nf8 31. Qb4 Qd7 32. Bg4 Ne6 33. Ne3 Bd8 34. Bf5 Rg3 35.
Ng4 Rxb3 36. Qxb3 Rg5 37. Qe3 Rg7 38. Qh6 Rg8 39. Bxe6 fxe6 40. b4 Qe8 41. Nf6
Bxf6 42. Qxf6 Ka7 43. Bc5+ Ka8 44. Qf8 1-0

[Event "European Blitz 2017"]
[Site "Katowice POL"]
[Date "2017.12.15"]
[Round "7.88"]
[White "Fedorov, Evgueny"]
[Black "Pappelis, Dimitrios"]
[Result "1-0"]
[WhiteElo "2241"]
[BlackElo "2114"]
[WhiteFideId "4188004"]
[BlackFideId "4215281"]
[EventDate "2017.12.15"]
[EventType "blitz"]

1. e4 c5 2. Nf3 Nc6 3. d4 cxd4 4. Nxd4 Nf6 5. Nc3 e5 6. Ndb5 d6 7. Bg5 a6 8. Na3
Be6 9. Nc4 Rc8 10. Ne3 Be7 11. Bxf6 Bxf6 12. Ncd5 O-O 13. Be2 Bg5 14. O-O Bxe3
15. Nxe3 Ne7 16. Bg4 Qd7 17. c3 Rfd8 18. Qf3 Bxg4 19. Nxg4 Qe6 20. Rfe1 f6 21.
Ne3 d5 22. exd5 Nxd5 23. Nf5 Ne7 24. Nxe7+ Qxe7 25. Rad1 Rxd1 26. Rxd1 Rd8 27.
h3 Rd7 28. Rxd7 Qxd7 29. Qe4 g6 30. h4 Kg7 31. h5 gxh5 32. Qf3 Kg6 33. Kh2 Qc7
34. Qe4+ Kh6 35. Qf5 e4+ 36. g3 Qe7 37. Kh3 e3 38. Qf4+ Kg6 39. fxe3 Qd7+ 40.
Kh4 Qd1 41. Qe4+ Kg7 42. Qxb7+ Kg6 43. Qe4+ Kg7 44. Kh3 Qf1+ 45. Qg2 Qf5+ 46.
Kh2 Qb5 47. b3 Qd3 48. c4 Qxe3 49. Qc2 Qe5 50. Qf2 h4 51. Kh3 Qe6+ 52. g4 Qe5
53. Kxh4 h6 54. Kh3 Qc3+ 55. Qg3 Qb2 56. a4 Qb1 57. Qf3 Qb2 58. c5 Qe5 59. c6
Qc7 60. Qd5 Kf8 61. Qc5+ Ke8 62. b4 Qd8 63. Qe3+ Kf7 64. b5 axb5 65. axb5 Qd1
66. Kg3 Qd6+ 67. Kf2 Qc7 68. Qd4 Qb8 69. b6 Qa8 70. b7 Qa2+ 71. Ke3 Qb3+ 72. Ke4
Qc2+ 73. Kd5 Qb3+ 74. Qc4 Qd1+ 75. Kc5+ Kg6 76. b8=Q Qg1+ 77. Qd4 Qc1+ 78. Kd6
Qa3+ 79. Qbb4 Qg3+ 80. Qf4 Qd3+ 81. Kc7 Qa6 82. Qbe4+ Kg7 83. Qe7+ Kg8 84. Qd7 1-0

[Event "European Blitz 2017"]
[Site "Katowice POL"]
[Date "2017.12.15"]
[Round "7.90"]
[White "Reza, Wojciech"]
[Black "Bossy, Arnim"]
[Result "1/2-1/2"]
[WhiteElo "2283"]
[BlackElo "2181"]
[WhiteFideId "1151967"]
[BlackFideId "4669100"]
[EventDate "2017.12.15"]
[EventType "blitz"]

1. e4 d5 2. exd5 Nf6 3. Bb5+ Nbd7 4. Nc3 a6 5. Be2 Nb6 6. Bf3 Nbxd5 7. Nxd5 Nxd5
8. d4 g6 9. Ne2 Bg7 10. O-O O-O 11. a4 a5 12. c3 c6 13. Re1 Re8 14. Nf4 Nxf4 15.
Bxf4 Be6 16. Be5 Bd5 17. Bxg7 Bxf3 18. Qxf3 Kxg7 19. Re5 e6 20. g3 Qf6 21. Qe2
Red8 22. Re1 Rd5 23. Qc4 Qd8 24. h4 h5 25. Qb3 Rb8 26. Qc4 Qb6 27. R1e2 Rbd8 28.
Kg2 R8d7 29. R5e3 c5 30. dxc5 Rxc5 31. Qe4 Qd6 32. Rf3 e5 33. Qc2 f5 34. Rfe3 e4
35. Re1 Rd5 36. R3e2 Rd3 37. Qb3 Qc6 38. Kg1 Qc5 39. Re3 Rd2 40. R3e2 R2d3 41.
Re3 Rd2 42. R3e2 R2d3 43. Re3 1/2-1/2

[Event "European Blitz 2017"]
[Site "Katowice POL"]
[Date "2017.12.15"]
[Round "7.91"]
[White "Jaskolka, Tomasz"]
[Black "Konopka, Michal"]
[Result "0-1"]
[BlackTitle "IM"]
[WhiteElo "2011"]
[BlackElo "2381"]
[WhiteFideId "1170791"]
[BlackFideId "308633"]
[EventDate "2017.12.15"]
[EventType "blitz"]

1. e4 Nf6 2. e5 Nd5 3. c4 Nb6 4. c5 Nd5 5. Nc3 e6 6. d4 d6 7. cxd6 cxd6 8. Nf3
Nc6 9. Bd3 dxe5 10. dxe5 Bb4 11. Qc2 Qa5 12. Bd2 Bd7 13. O-O Rc8 14. a3 Bxc3 15.
bxc3 Qc5 16. Qb3 Na5 17. Qc2 Nc4 18. Bxc4 Qxc4 19. Rab1 b6 20. Rfc1 O-O 21. Nd4
Ba4 22. Qe4 Rfd8 23. h4 Bc6 24. Qg4 Qd3 25. Bg5 Rd7 26. Rd1 Qc4 27. Bf6 g6 28.
Qg5 Qc5 29. c4 Nxf6 30. exf6 Rxd4 31. Rxd4 Qxd4 32. h5 Qe4 33. Rd1 Qf5 34. Qh4
g5 35. Qd4 h6 36. Qd6 Qg4 37. f3 Bxf3 38. Rd2 Rxc4 39. Qd8+ Kh7 40. Qf8 Rc1+ 41.
Kf2 Qxg2+ 42. Ke3 Re1+ 43. Kd3 Be4+ 44. Kc3 Rc1+ 45. Kb3 Qf3+ 46. Kb4 Qxf6 47.
Rd8 Qb2+ 48. Ka4 Bc6# 0-1

[Event "European Blitz 2017"]
[Site "Katowice POL"]
[Date "2017.12.15"]
[Round "7.92"]
[White "Zylka, Stanislaw"]
[Black "Bednarek, Sylwester"]
[Result "0-1"]
[WhiteTitle "FM"]
[BlackTitle "FM"]
[WhiteElo "2336"]
[BlackElo "2307"]
[WhiteFideId "1189654"]
[BlackFideId "1101811"]
[EventDate "2017.12.15"]
[EventType "blitz"]

1. e4 e6 2. b3 d5 3. Bb2 Nf6 4. e5 Nfd7 5. Qg4 b6 6. f4 h5 7. Qg3 g6 8. Nf3 Be7
9. Be2 Ba6 10. d3 c5 11. Nc3 Nc6 12. O-O Nb4 13. Bd1 d4 14. Ne4 Nd5 15. Bc1 Qc7
16. Bd2 O-O-O 17. a4 h4 18. Qf2 Nb8 19. Nfg5 Rdf8 20. Qf3 Bb7 21. Be2 Nc6 22.
Rfb1 Ncb4 23. Bd1 a5 24. Qf1 Kb8 25. h3 Ka7 26. Qf3 Bxg5 27. fxg5 Ne7 28. Bf4
Nf5 29. Kh2 Nd5 30. Be2 Nc3 31. Re1 Bxe4 32. dxe4 Ne3 33. Bxe3 dxe3 34. Qxe3
Qxe5+ 0-1

[Event "European Blitz 2017"]
[Site "Katowice POL"]
[Date "2017.12.15"]
[Round "7.93"]
[White "Szalanczy, Emil"]
[Black "Widla, Piotr"]
[Result "0-1"]
[WhiteTitle "IM"]
[WhiteElo "2201"]
[BlackElo "2046"]
[WhiteFideId "700347"]
[BlackFideId "1132164"]
[EventDate "2017.12.15"]
[EventType "blitz"]

1. e4 c5 2. Nf3 d6 3. d4 cxd4 4. Nxd4 Nf6 5. Nc3 a6 6. Be3 e6 7. g4 h6 8. Qe2
Be7 9. O-O-O b5 10. a3 Bb7 11. Bg2 Nbd7 12. h4 Ne5 13. g5 Nfd7 14. g6 Nxg6 15.
h5 Nge5 16. Rhg1 Nc4 17. Bh3 Nc5 18. Ndxb5 Nxe3 19. Qxe3 axb5 20. e5 b4 21. axb4
Ra1+ 22. Nb1 Ne4 23. Rxg7 Qa8 24. Qf4 Bg5 25. Rxg5 hxg5 0-1

[Event "European Blitz 2017"]
[Site "Katowice POL"]
[Date "2017.12.15"]
[Round "7.94"]
[White "Player, Edmund C"]
[Black "Michalski, Filip"]
[Result "1-0"]
[WhiteElo "2174"]
[BlackElo "2089"]
[WhiteFideId "406520"]
[BlackFideId "1151371"]
[EventDate "2017.12.15"]
[EventType "blitz"]

1. e4 d6 2. d4 Nf6 3. Nc3 e5 4. Nf3 Nbd7 5. Bc4 Be7 6. O-O O-O 7. Re1 c6 8. a4
a5 9. b3 Nb6 10. Bf1 exd4 11. Nxd4 d5 12. e5 Ne8 13. Qh5 Nc7 14. Kh1 Ne6 15. Nf5
g6 16. Nxe7+ Qxe7 17. Qh6 Ng7 18. Ba3 c5 19. Rad1 d4 20. Ne4 Nf5 21. Qd2 Qxe5
22. Bxc5 Nd7 23. Bxf8 Nxf8 24. Qg5 Qg7 25. Nf6+ Kh8 26. Ne8 Qh6 27. Qxh6 Nxh6
28. Nc7 Rb8 29. Re8 Kg7 30. Rxd4 Nf5 31. Rdd8 Ne6 32. Nxe6+ 1-0

[Event "European Blitz 2017"]
[Site "Katowice POL"]
[Date "2017.12.15"]
[Round "7.95"]
[White "Buraczewski, Rafal"]
[Black "Barski, Radoslaw"]
[Result "0-1"]
[BlackTitle "IM"]
[WhiteElo "2221"]
[BlackElo "2452"]
[WhiteFideId "1155245"]
[BlackFideId "1131710"]
[EventDate "2017.12.15"]
[EventType "blitz"]

1. Nf3 d5 2. c4 d4 3. d3 Nf6 4. g3 e6 5. Bg2 Be7 6. O-O O-O 7. Nbd2 c5 8. Rb1
Nc6 9. a3 a5 10. Qc2 Nd7 11. Re1 Re8 12. Nf1 e5 13. e4 Nf8 14. h4 a4 15. b3 axb3
16. Rxb3 Qc7 17. Bg5 f6 18. Bd2 Bd7 19. Reb1 Ra7 20. a4 Nd8 21. Ra3 Nc6 22. a5
Nb4 23. Bxb4 cxb4 24. Raa1 Rxa5 25. N1d2 Rea8 26. Qb2 Ne6 27. Nb3 Ra3 28. Nfd2
b6 29. Qc1 Nc5 30. Bf1 Be6 31. Rxa3 bxa3 32. Ra1 Na4 33. c5 bxc5 34. Rxa3 c4 35.
Ra1 c3 36. Nc4 Bxc4 37. dxc4 Qb7 38. Qc2 Nb2 39. Rxa8+ Qxa8 40. c5 Qa4 41. Be2
Bxc5 0-1